| 000 | 01489nam a2200241Ia 4500 | ||
|---|---|---|---|
| 003 | Ost | ||
| 005 | 20260507074912.0 | ||
| 008 | 260507s9999||||xx |||||||||||||| ||und|| | ||
| 020 | _a3042379977 | ||
| 040 | _cfsecg | ||
| 041 | _aara | ||
| 082 | _a658.4 | ||
| 100 |
_aالجمل، هشام مصطفى _eمؤلف |
||
| 245 | 0 |
_aدور الموارد البشرية في تمويل التنمية : _bبين النظام المالى الاسلامى والنظام المالى الوضعى / _c هشام مصطفى الجمل |
|
| 260 |
_aالاسكندرية: _bدار الفكر الجامعي, _c2007 |
||
| 300 |
_a596 صفحة؛ _c24 سم |
||
| 504 | _aببليوغرافيا: ص.519 | ||
| 520 | _aالسكان والتنمية بين النظام المالي الاسلامي والنظام المالي الوضعي: ماهية التنمية ومقوماتها وأهدافها، النمو السكاني العالمي وضوابطه، التنمية الاقتصادية والاجتماعية للموارد البشرية: التنمية الاقتصادية للموارد البشرية بين النظام المالي الاسلامي والنظام المالي الوضعي، التنمية الاجتماعية للموارد البشرية بين النظام المالي الاسلامي والنظام الوضعي | ||
| 653 | _aالتمويل | ||
| 653 | _aالتنمية الاقتصادية | ||
| 653 | _aالقوى العاملة | ||
| 942 | _cكتاب | ||
| 999 |
_c41748 _d41748 |
||